01183nam a2200289 a 4500001001200000003000800012006001900020007001500039008004100054010001700095020002800112040002100140035002100161050002400182082002800206100003000234245011800264260005800382300001600440504006600456533015200522650003000674655002900704710001700733856012600750999001700876ebr10015431CaPaEBRm u cr cn|||||||||950907s1996 nju sb 001 0 eng  z 95025449  z0691044155 (alk. paper) aCaPaEBRcCaPaEBR a(OCoLC)61471470114aKF801b.S525 1996eb04a346.73/02a347.30622201 aSlawson, W. David,d1931-10aBinding promisesh[electronic resource] :bthe late 20th century reformation of contract law /cW. David Slawson. aPrinceton, N.J. :bPrinceton University Press,c1996. axii, 206 p. aIncludes bibliographical references (p. [175]-200) and index. aElectronic reproduction.bPalo Alto, Calif. :cebrary,d2013.nAvailable via World Wide Web.nAccess may be limited to ebrary affiliated libraries. 0aContractszUnited States. 7aElectronic books.2local2 aebrary, Inc.40uhttp://site.ebrary.com/lib/rucke/Doc?id=10015431zAn electronic book accessible through the World Wide Web; click to view c11702d11702